Detalles MARC
| 000 -CABECERA |
| campo de control de longitud fija |
01125nam a2200241 a 4500 |
| 001 - NÚMERO DE CONTROL |
| campo de control |
000005010 |
| 003 - IDENTIFICADOR DEL NÚMERO DE CONTROL |
| campo de control |
OSt |
| 005 - FECHA Y HORA DE LA ÚLTIMA TRANSACCIÓN |
| campo de control |
20200929151546.0 |
| 008 - DATOS DE LONGITUD FIJA--INFORMACIÓN GENERAL |
| campo de control de longitud fija |
090729s1999 dr abd 001 0 spa d |
| 020 ## - NÚMERO INTERNACIONAL ESTÁNDAR DEL LIBRO |
| Número Internacional Estándar del Libro |
8493067903 |
| 040 ## - FUENTE DE LA CATALOGACIÓN |
| Centro catalogador/agencia de origen |
DO-SdBNP |
| Lengua de catalogación |
spa |
| Centro/agencia transcriptor |
BNPHU |
| 082 ## - NÚMERO DE LA CLASIFICACIÓN DECIMAL DEWEY |
| Número de clasificación |
362.1 |
| Número de documento/Ítem |
G993p |
| 100 1# - ENTRADA PRINCIPAL--NOMBRE DE PERSONA |
| Nombre de persona |
Guzmán Marcelino, Altagracia |
| Fechas asociadas al nombre |
1946- |
| 9 (RLIN) |
14440 |
| 245 10 - MENCIÓN DE TÍTULO |
| Título |
Políticas públicas en salud : |
| Resto del título |
reflexiones, orientaciones, directrices y ejecutorias sobre Salud Pública / |
| Mención de responsabilidad, etc. |
Altagracia Guzmán Marcelino ; prólogo Hugo R. Mendoza ; presentación Socorro Gross Galiano. |
| 260 ## - PUBLICACIÓN, DISTRIBUCIÓN, ETC. |
| Lugar de publicación, distribución, etc. |
Santo Domingo : |
| Nombre del editor, distribuidor, etc. |
Secretaría de Estado de Salud Pública y Asistencia Social, |
| Fecha de publicación, distribución, etc. |
1999. |
| 300 ## - DESCRIPCIÓN FÍSICA |
| Extensión |
175p. ; |
| Dimensiones |
23 cm. |
| Otras características físicas |
il., gráf., mapas, retrs. |
| 500 ## - NOTA GENERAL |
| Nota general |
Incluye datos biográficos de la autora en la solapa |
| 505 2# - NOTA DE CONTENIDO CON FORMATO |
| Nota de contenido con formato |
Políticas en Desarrollo Institucional de la SESPAS -- Políticas públicas en los programas de salud -- Ejecutorias de salud. |
| 650 #4 - PUNTO DE ACCESO ADICIONAL DE MATERIA--TÉRMINO DE MATERIA |
| Término de materia o nombre geográfico como elemento de entrada |
Salud pública |
| Subdivisión geográfica |
República Dominicana |
| 9 (RLIN) |
2078 |
| 650 #4 - PUNTO DE ACCESO ADICIONAL DE MATERIA--TÉRMINO DE MATERIA |
| Término de materia o nombre geográfico como elemento de entrada |
Planificación de la salud |
| Subdivisión geográfica |
República Dominicana |
| 9 (RLIN) |
14441 |
| 700 1# - PUNTO DE ACCESO ADICIONAL--NOMBRE DE PERSONA |
| Nombre de persona |
Mendoza, Hugo R. |
| Término indicativo de función/relación |
pról. |
| 9 (RLIN) |
6390 |
| 942 ## - ELEMENTOS DE PUNTO DE ACCESO ADICIONAL (KOHA) |
| Fuente del sistema de clasificación o colocación |
Dewey Decimal Classification |
| Tipo de ítem Koha |
Libros y folletos |